banner-ar

المقومات الجغرافية للدول النامية و مظاهرها : (Record no. 63087)

MARC details
000 -الفاتح
حقل البيانات ثابتة الطول 01199nam a22002537a 4500
005 - وقت وتاريخ اخر تعامل مع التسجيلة
رقم الضبط 20240530110623.0
008 - عناصر البيانات ثابتة الطول - معلومات عامة
حقل البيانات ثابتة الطول 161226s2014 ua abh g 000 0 ara d
017 ## - رقم الايداع القانونى
رقم الايداع القانونى 2013/21379 ( ج 1 )
المصدر ( الهيئة المختصة) مصر. دار الكتب
017 ## - رقم الايداع القانونى
رقم الايداع القانونى 2013/21380 ( ج 2 )
المصدر ( الهيئة المختصة) مصر. دار الكتب
020 ## - الرقم الدولى المعيارى للكتب
الرقم الدولى المعيارى للكتاب 9789774114992 ( ج 1 )
020 ## - الرقم الدولى المعيارى للكتب
الرقم الدولى المعيارى للكتاب 9789774115004 ( ج 2 )
040 ## - مصدر الفهرسة
وكالة الفهرسة الأصلية EG-CaGPL
وكالة النسخ EG-CaGPL
082 04 - رقم تصنيف ديوى العشرى
رقم الطبعة 21
رقم التصنيف 910.133\
رقم المادة م م
100 0# - المدخل الرئيسى - إسم شخصى
الإسم الشخصى محمد ابراهيم حسن
245 12 - بيان العنوان
العنوان المقومات الجغرافية للدول النامية و مظاهرها :
بقية العنوان دراسة اقليمية مقارنة لامثلة متباينة فى افريقيا و الشرق الاوسط /
بيان المسئوليه,etc محمد ابراهيم حسن ؛ اشرف على اعداده و قدم له السيد على شتا
250 ## - بيان الطبعة
بيان الطبعة ط. 1
260 ## - PUBLICATION, DISTRIBUTION, ETC. (IMPRINT)
تاريخ النشر أو التوزيع 2014.
300 ## - الوصف المادى
التعداد 2 جزء :
تفاصيل ماديه اخرى للوعاء ايض ؛
أبعاد الوعاء 24 سم.
650 07 - المدخل الاضافى بالموضوع-مصطلح موضوعى
مصدر الرأس أو المصطلح qrmak
مصطلح موضوعي الدول النامية
التقسيم الفرعي العام الاحوال الاقتصادية
651 ## - المدخل الاضافى بالموضوع - اسم جغرافى
مصدر الرأس أو المصطلح qrmak
700 0# - المدخل الاضافى - اسم شخصى
الإسم الشخصى السيد على شتا
الدور معد و مقدم
942 ## - عناصر المدخل الإضافي( كوها)
مصدر التصنيف او مخطط الترفيف Dewey Decimal Classification
Koha [default] item type كتاب
260 ## - PUBLICATION, DISTRIBUTION, ETC. (IMPRINT)
-- القاهرة :
-- المكتبة المصرية للنشر و التوزيع ،
Holdings
حالة التراجع حالة الفقد حالة تلف ليس للاعارة المكان المؤقت الموقع الحالى موقع الترفيف تاريخ الاكتساب اجمالي اﻻعارات رقم الطلب الباركود تاريخ اخر مشاهدة تاريخ تفعيل السعر نوع وعاء كوها
        مكتبة القاهرة الكبرى مكتبة القاهرة الكبرى القاعة الرئيسية 12/26/2016   910.133\ م م 163044 12/26/2016 12/26/2016 كتاب
        مكتبة القاهرة الكبرى مكتبة القاهرة الكبرى القاعة الرئيسية 12/26/2016   910.133\ م م 163045 12/26/2016 12/26/2016 كتاب

Powered By

EGPV